|
|
|
|
| LEADER |
01405nam a2200385 4500 |
| 001 |
on1124761605 |
| 003 |
OCoLC |
| 005 |
20200326101204.0 |
| 006 |
m o d |
| 007 |
cr cnu---unuuu |
| 008 |
191022t20192019enk o 000 0 eng d |
| 040 |
|
|
|a OPELS
|b eng
|e rda
|e pn
|c OPELS
|d OCLCF
|d CUS
|d GrThAP
|
| 020 |
|
|
|a 9780081029169
|q (print)
|
| 035 |
|
|
|a (OCoLC)1124761605
|
| 043 |
|
|
|a p------
|
| 050 |
|
4 |
|a QL638.9
|
| 082 |
0 |
4 |
|a 597.31774
|2 23
|
| 245 |
0 |
0 |
|a Sharks in Mexico :
|b research and conservation.
|n Part A /
|c edited by Shawn E. Larson, Dayv Lowry.
|
| 264 |
|
1 |
|a London, United Kingdom :
|b Academic Press,
|c 2019.
|
| 264 |
|
4 |
|c Ã2019
|
| 300 |
|
|
|a 1 online resource (xxv, 157 pages)
|
| 336 |
|
|
|a text
|b txt
|2 rdacontent
|
| 337 |
|
|
|a computer
|b c
|2 rdamedia
|
| 338 |
|
|
|a online resource
|b cr
|2 rdacarrier
|
| 490 |
1 |
|
|a Advances in Marine Biology ;
|v volume 83
|
| 588 |
0 |
|
|a Online resource; title from title details screen.
|
| 650 |
|
0 |
|a Sharks
|z Pacific Ocean.
|
| 650 |
|
0 |
|a Sharks
|x Conservation
|z Pacific Ocean.
|
| 650 |
|
7 |
|a Sharks.
|2 fast
|0 (OCoLC)fst01115299
|
| 651 |
|
7 |
|a Pacific Ocean.
|2 fast
|0 (OCoLC)fst01243528
|
| 655 |
|
4 |
|a Electronic books.
|
| 700 |
1 |
|
|a Larson, Shawn E.,
|e editor.
|
| 700 |
1 |
|
|a Lowry, Dayv,
|e editor.
|
| 830 |
|
0 |
|a Advances in marine biology ;
|v v. 83.
|
| 856 |
4 |
0 |
|3 ScienceDirect
|u https://www.sciencedirect.com/science/bookseries/00652881/83
|z Full Text via HEAL-Link
|